|
|
|
|
| LEADER |
00819cam a2200229 7i4500 |
| 001 |
0000036628 |
| 005 |
20200615090000.0 |
| 008 |
110315 eng |
| 020 |
|
|
|a 9780750622615
|
| 020 |
|
|
|a 075062261x (pbk.)
|
| 040 |
|
|
|a DLC
|
| 090 |
0 |
0 |
|a RM811
|b .H93 1997
|
| 245 |
0 |
0 |
|a Hydrotherapy :
|b principles and practice
|c edited by Margaret Reid Campion.
|
| 260 |
|
|
|a Oxford:
|b Butterworth-Heinemann,
|c 1997.
|
| 300 |
|
|
|a xiii, 336 p.:
|b ill.;
|c 25 cm.
|
| 504 |
|
|
|a Includes bibliographical references and index
|
| 650 |
0 |
0 |
|a Hydrotherapy
|
| 700 |
1 |
|
|a Campion, Margaret Reid
|
| 997 |
|
|
|a Health Sciences, Faculty
|
| 999 |
|
|
|a 0000048584
|b BOK
|c OPEN SHELF
|e 1st Floor, Shah Alam
|
| 999 |
|
|
|a 0000048585
|b BOK
|c OPEN SHELF
|e 1st Floor, Shah Alam
|
| 999 |
|
|
|a 0000048586
|b BOK
|c OPEN SHELF
|e 1st Floor, Shah Alam
|